[Event "FRA-chT4 Nord-Pas-de-Calais 0506"]
[Site "France"]
[Date "2005.10.16"]
[Round "1.1"]
[White "Renard, Stephane"]
[Black "Mollet, Gregory"]
[Result "1-0"]
[WhiteElo "1967"]
[BlackElo "1900"]
[PlyCount "67"]
[EventDate "2006.03.12"]
[EventType "team-tourn"]
[EventRounds "7"]
[EventCountry "FRA"]
[SourceTitle "EXT 2019"]
[Source "ChessBase"]
[SourceDate "2018.10.10"]
[SourceVersion "1"]
[SourceVersionDate "2018.10.10"]
[SourceQuality "1"]

1. f4 c5 2. Nf3 Nf6 3. b3 g6 4. Bb2 Bg7 5. g3 Nc6 6. Bg2 0-0 7. 0-0 d5 8. Qe1 Bf5 9. d3 d4 10. a3 Nd5 11. Bc1 Qd7 12. Ra2 Bh3 13. Bxh3 Qxh3 14. e4 dxe3 15. c4 Nf6 16. Bxe3 Rad8 17. Rd2 b6 18. d4 Ne4 19. Rd3 cxd4 20. Bxd4 Bxd4+ 21. Nxd4 f5 22. Qe3 Nc5 23. Rdd1 Nxd4 24. Rxd4 Rxd4 25. Qxd4 Nxb3 26. Qd5+ Kg7 27. Re1 Rf7 28. Qe5+ Kh6 29. Qe6 Rg7 30. Qd7 e6 31. Qxe6 Nc5 32. Qd5 Ne4 33. Rxe4 fxe4 34. Qg5# 1-0

[Event "Cappelle op 17th"]
[Site "Cappelle la Grande"]
[Date "2001.02.24"]
[Round "1"]
[White "Le Du, Michel"]
[Black "Mollet, Gregory"]
[Result "1-0"]
[WhiteElo "2067"]
[BlackElo "1830"]
[PlyCount "45"]
[EventDate "2001.02.24"]
[EventType "swiss"]
[EventRounds "9"]
[EventCountry "FRA"]
[SourceTitle "CBM 080 Extra"]
[Source "ChessBase"]
[SourceDate "2001.03.08"]
[SourceVersion "1"]
[SourceVersionDate "2001.03.08"]
[SourceQuality "1"]

1. e4 c5 2. Nc3 d6 3. g3 Nf6 4. Bg2 g6 5. d3 Bg7 6. h3 Nc6 7. Be3 Bd7 8. Qd2 Nd4 9. Nce2 Nxe2 10. Nxe2 Qc8 11. Bh6 0-0 12. Bxg7 Kxg7 13. g4 h5 14. g5 Ne8 15. 0-0-0 b5 16. f4 Bc6 17. h4 b4 18. Bh3 Qa6 19. Kb1 Rb8 20. Rhf1 Rb5 21. f5 Ra5 22. Nc1 Bd7 23. f6+ 1-0